Позитивното възпитание (Запис номер 499299)
[ съкратено ]
| 000 -Лидер | |
|---|---|
| Лидер | 01502nam a2200301 a 4500 |
| 003 - Код на организацията, давaща контролен номер | |
| Код на организацията, даваща контролен номер | BLK |
| 005 - Дата и час на последна редакция | |
| Дата и час на последна редакция | 20231219161239.0 |
| 007 - Фиксирано поле за физическо описани | |
| Физическо описание | ta |
| 008 - Елементи от данни с фиксирана дължина | |
| Елементи с фиксирана дължина | 221104b bu |||||r|||| 00| | bu d |
| 020 ## - Международен стандартен номер на книга ISBN | |
| ISBN | 9786197430424 |
| 040 ## - Източник на каталожния запис | |
| Код на библиотеката | BLK |
| 041 ## - Код за език | |
| Език | Български |
| Език за КДБФ | Български |
| 080 ## - УДК | |
| 9 (RLIN) | 236025 |
| УДК текст | Основни форми на възпитание и образование |
| УДК код | 37.018 |
| УДК – код + определител | (035) |
| УДК – определител | 37.018(035) |
| 100 ## - Редна дума - Автор | |
| R(LIN) | 490086 |
| Автор | Корнберг Анзел, Кандис |
| 245 ## - Сведения за заглавието | |
| Заглавие | Позитивното възпитание |
| Подзаглавни данни | нестандартен наръчник за неперфектни родители |
| Авторска отговорност | Кандис Корнберг Анзел, Ев Абукая ; [ил.] Камий Скръзински ; прев. Ирина Кръстева |
| 260 ## - Област на издателските данни | |
| 9 (RLIN) | 391719 |
| Място на издаване | София |
| Име на издателя | A&T Publ. |
| Година на издаване | 2020 |
| 300 ## - Физическа характеристика | |
| Брой страници | 128 с. |
| Илюстрации | с ил. |
| Размер | 24 см |
| 380 ## - Жанр | |
| Жанр | Обществени науки |
| 500 ## - Общи забележки | |
| Обща забележка | Ориг. загл., установено от доп. източник: L'éducation positive / Candice Kornberg Anzel<br/>Биогр. данни за авт. отбелязани на гърба на кор. |
| 650 #0 - Допълнително описание по предмет – тема | |
| 9 (RLIN) | 290916 |
| Предметна рубрика | Семейно възпитание - наръчници и ръководства |
| 700 ## - Други автори (авторска отговорност) | |
| 9 (RLIN) | 490089 |
| Друг автор | Абукая, Ев |
| 700 ## - Други автори (авторска отговорност) | |
| 9 (RLIN) | 490087 |
| Друг автор | Скръзински, Камий |
| 700 ## - Други автори (авторска отговорност) | |
| 9 (RLIN) | 402364 |
| Друг автор | Кръстева, Ирина Богданова |
| 852 ## - Местоположение | |
| Сигнатура (форматна) | Цб 320683 |
| Отдел | Хранилище |
| 856 ## - Електронен адрес и достъп | |
| Инструкция (цена за достъп) | 0.00 |
| Права за достъп | disable |
| 942 ## - АРТИКУЛИ | |
| Вид на библиотечния документ | Книги |
| Скрит в OPAC | Не |
| 944 ## - СЪЗДАВАНЕ И РЕДАКЦИЯ на ЗАПИСА | |
| Дата на регистрацията/редакция | Кети Илиева |
| Служител, извършил регистрацията/редакцията | 30550 |
| Номер на служител | Кети Илиева |
| Създаване/Редакция | |
| 999 ## - СИСТЕМНИ КОНТРОЛНИ НОМЕРА | |
| Koha biblionumber | 499299 |
| Koha biblioitemnumber | 499299 |
| Код за отписване | Код за изгубен артикул | Източник на класификационната схема | Код за повреда | Коз за рестрикции | Код за отдаване | Артикулен № | Име на библиотеката - собственик | Име на библиотеката, в която се намира в момента | Статус (Текущо местоположение) | Дата на вписване в системата | Местоположение - отдел | Цена в лева | Инвентарен номер | Систематично азбучна сигнатура | Баркод | Цена в евро | Служебен тип на артикула |
|---|---|---|---|---|---|---|---|---|---|---|---|---|---|---|---|---|---|
| Не е изгубен | Universal Decimal Classification | Не е повреден | само за читалня | ползва се в читалня | 937671 | Регионална библиотека "Любен Каравелов" Русе | Регионална библиотека "Любен Каравелов" Русе | Хранилище | 2023-12-21 | Хранилище | 8.00 | 120000896698 | Цб 320683 | 120000896698 | 4.09 | Книги |